000 00424nam a2200157 i 4500
001 70631
003 ES-MaACL
005 20230906170855.0
007 t|
008 040729s1925 xxk ||||1| eng d
100 1 _aGardner, E. A.
_955506
245 1 4 _aThe art of Greece /
_cE.A. Gardner.
260 _aLondon :
_b[s.n.,
_c1925] (
_fHérbert Réiach)
300 _aVIII, 54 p., 6 lám. ;
_c22 cm.
852 _aES-MaACL
_jF-542
999 _c70631
_d70631